000 00429nam a2200169Ia 4500
001 31902
003 IN-NITTTR
005 20251114233426.0
008 251113s9999||||xx |||||||||||||| ||eng||
040 _beng
040 _cIN-NITTTR
041 _aeng
082 _a621.93 S45P
100 _aSukhdev Singh,
245 0 _aPerformance optimization of cutting tools with multiple nano coating /
_cSukhdev Singh
942 _2ddc
_cBK
999 _c34532
_d34532